| 000 | 00560nam a2200169 a 4500 | ||
|---|---|---|---|
| 001 | 000029445 | ||
| 005 | 20200930055545.0 | ||
| 008 | 110415s2001 dr 000 0 spa d | ||
| 040 |
_aDO-SdBNP _bspa _cBNPHU |
||
| 245 | 0 | 0 | _aRitual de la comunicación de los enfermos y de la exposición de la santísima eucaristía. |
| 246 | 1 | 4 | _aRitual para ministros de la comunicación |
| 260 |
_aSanto Domingo : _bEdiciones MSC, _c2001. |
||
| 300 |
_a23 p. ; _c14 cm. |
||
| 490 | 1 |
_aNueva evangelización _v6 |
|
| 830 | 0 |
_aNueva evangelización _n6 _956322 |
|
| 049 | _aBNPD | ||
| 999 |
_c28937 _d28937 |
||